000 00723nam a2200241Ia 4500
003 OSt
005 20220925220354.0
006 a|||||r|||| 00| 0
007 ta
008 220923b |||||||| |||| 00| 0 eng d
037 _cGeneral Book
040 _aRTL
_cRTL
_beng
041 _2eng
_aeng
082 _aXxM35, B4
100 _aJevons W Stanley
_979979
245 0 _aInvestigations in currency and finance. Ed. by H S
260 _aLondon
_bMacmillan
_c1884
300 _axliv,428p
_ccm.
490 _aReprints of Economic Classics
500 _aBibliography: p 363-414; Appendix at the end of few chapters
942 _hXxM35, B4
_cGB
_2CC
999 _c571281
_d571281